Bystanders intervention in a crime

Gespeichert in:  
Bibliographische Detailangaben
1. VerfasserIn: Van Dijk, Jan 1947- (Verfasst von)
Medienart: Druck Buch
Sprache:Englisch
Veröffentlicht: The Hague Ministry of Justice 1983
In: Research and Documentation Centre (63)
Jahr: 1983
Bestand in Tübingen:In Tübingen vorhanden.
UB: KB 6 E 35
Verfügbarkeit prüfen: HBZ Gateway
Subito Bestelldienst: Jetzt bestellen.

MARC

LEADER 00000cam a2200000 c 4500
001 1091110573
003 DE-627
005 20220514124215.0
007 tu
008 900724s1983 xx ||||| 00| ||eng c
035 |a (DE-627)1091110573 
035 |a (DE-576)021110573 
035 |a (DE-599)BSZ021110573 
035 |a (OCoLC)311290004 
040 |a DE-627  |b ger  |c DE-627  |e rakwb 
041 |a eng 
100 1 |a Van Dijk, Jan  |d 1947-  |0 (DE-588)187565465  |0 (DE-627)726481157  |0 (DE-576)160739810  |4 aut 
109 |a Van Dijk, Jan 1947-  |a Dijk, Jan Johannes Mattheüs van 1947-  |a Dijk, Jan van 1947-  |a Dijk, Jan Johannes Mattheus van 1947-  |a Van Dijk, Jan Johannes Mattheüs 1947-  |a Dijk, J. J. M. van 1947-  |a Dijk, Jan J. M. van 1947-  |a Van Dijk, J. J. M. 1947-  |a Dijk, Jan J. van 1947- 
245 1 0 |a Bystanders intervention in a crime  |c Jan J. M. van Dijk 
264 1 |a The Hague  |b Ministry of Justice  |c 1983 
300 |a 11 S. 
336 |a Text  |b txt  |2 rdacontent 
337 |a ohne Hilfsmittel zu benutzen  |b n  |2 rdamedia 
338 |a Band  |b nc  |2 rdacarrier 
490 1 |a RDC  |v 63 
583 1 |a Archivierung prüfen  |c 20200919  |f DE-640  |z 3  |2 pdager 
810 2 |a Wetenschappelijk Onderzoek- en Documentatiecentrum  |g Den Haag  |t Research and Documentation Centre  |v 63  |9 63  |w (DE-627)169139204  |w (DE-576)01390342X  |w (DE-600)896616-3  |7 am 
951 |a BO 
ELC |b 1 
LOK |0 000 xxxxxcx a22 zn 4500 
LOK |0 001 2148161962 
LOK |0 003 DE-627 
LOK |0 004 1091110573 
LOK |0 005 19900724000000 
LOK |0 008 900724||||||||||||||||ger||||||| 
LOK |0 040   |a DE-21  |c DE-627  |d DE-21 
LOK |0 852   |a DE-21 
LOK |0 852 1  |c KB 6 E 35  |9 00 
LOK |0 935   |a krim 
LOK |0 936ln  |a k1 
LOK |0 939   |a 24-07-90  |b l01 
ORI |a SA-MARC-krimdoka001.raw 
SIG |a UB: KB 6 E 35